| 000 | 01375nam a2200325 a 4500 | ||
|---|---|---|---|
| 001 | 60388 | ||
| 003 | BD-RjUL | ||
| 005 | 20211209080831.0 | ||
| 008 | 161219s2008 caua b 001 0 eng | ||
| 020 | _a9781412939560 (pbk. : acidfree paper) | ||
| 020 | _a1412939569 (pbk. : acidfree paper) | ||
| 035 | _a(BD-RjUL)60512 | ||
| 040 |
_aDLC _cDLC _dBD-RjUL _beng |
||
| 041 | _aeng | ||
| 082 | 0 | 0 |
_a658.049 _223 _bTHC 2008 |
| 100 | 1 |
_aThomas, David C. _q(David Clinton), _d1947- _9179715 |
|
| 245 | 1 | 0 |
_aCross-cultural management : _bessential concepts / _cDavid C. Thomas. |
| 250 | _a2nd ed. | ||
| 260 |
_aLos Angeles : _bSage Publications, _cc2008. |
||
| 300 |
_axix, 327 p. : _bill. ; _c23 cm. |
||
| 500 | _aPreviously published under title: Essentials of international management : a cross-cultural perspective. | ||
| 504 | _aIncludes bibliographical references (p. 259-305) and indexes. | ||
| 650 | 0 |
_aInternational business enterprises _xManagement. _9175877 |
|
| 650 | 0 |
_aInternational business enterprises _xManagement _vCross-cultural studies. _9179716 |
|
| 650 | 0 |
_aManagement _vCross-cultural studies. _9179717 |
|
| 650 | 0 |
_aIntercultural communication. _9170256 |
|
| 650 | 0 |
_aCommunication in management _vCross-cultural studies. _9179718 |
|
| 700 | 1 |
_aThomas, David C. _q(David Clinton), _d1947- _tEssentials of international management. _9179719 |
|
| 942 |
_2ddc _cBK |
||
| 999 |
_c60388 _d60388 |
||